Statistics for France Rugby Team World Cup Starting XV

Click here to take the quiz!

General Stats

  • This quiz has been taken 170 times
    (104 since last reset)
  • The average score is 32 of 108

Answer Stats

WCPost.Player% Correct
2019, 20239Antoine Dupont
98%
202315Thomas Ramos
98%
2019, 202314Damian Penaud
96%
202312Jonathan Danty
96%
20231Cyril Baille
94%
2019, 20238Grégory Alldritt
93%
202310Matthieu Jalibert
93%
2019, 202313Gaël Fickou
91%
2019, 20237Charles Ollivon
89%
20233Uini Atonio
89%
20236Anthony Jelonch
87%
20232Peato Mauvaka
87%
1995, 199912, 14Émile Ntamack
85%
201910Romain Ntamack
85%
20235Thibaud Flament
81%
20234Cameron Woki
76%
202311Louis Bielle-Biarrey
61%
2007, 2011, 20156, 7Thierry Dusautoir
61%
2007, 201114Vincent Clerc
52%
2003, 201113, 14Aurélien Rougerie
46%
2011, 201915Maxime Médard
46%
201510Frédéric Michalak
44%
201110Morgan Parra
44%
201511Brice Dulin
43%
20158Louis Picamoles
43%
20112William Servat
41%
20119Dimitri Yachvili
39%
20113Nicolas Mas
39%
2015, 20193Rabah Slimani
37%
201911Yoann Huget
37%
1991, 1995, 1999, 20039Fabien Galthié
35%
2015, 20192Guilhem Guirado
35%
201515Scott Spedding
35%
1987, 199115Serge Blanco
35%
201912Virimi Vakatawa
33%
201512Wesley Fofana
33%
1999, 200311Christophe Dominici
31%
201513Mathieu Bastareaud
31%
20111Jean-Baptiste Poux
30%
2011, 20154Pascal Papé
30%
1999, 2003, 20072Raphaël Ibañez
28%
2003, 200712Yannick Jauzion
28%
2003, 20118Imanol Harinordoquy
26%
201112Maxime Mermoz
26%
20195Sébastien Vahaamahina
26%
2015, 20194, 7Bernard Le Roux
24%
20191Jefferson Poirot
24%
201514Noa Nakaitaci
24%
1991, 199511Philippe Saint-André
24%
1987, 1991, 199513Philippe Sella
24%
200715Damien Traille
22%
1999, 2003, 20074, 5Fabien Pelous
22%
2007, 20117, 8Julien Bonnaire
22%
200710Lionel Beauxis
22%
2003, 20076Serge Betsen
22%
201111Alexis Palisson
20%
20115Lionel Nallet
20%
20196Wenceslas Lauret
20%
1991, 1995, 19994, 6, 8Abdelatif Benazzi
19%
200711Cédric Heymans
19%
19996Marc Lièvremont
17%
1999, 20037Olivier Magne
15%
1991, 19955Olivier Roumat
15%
199914Philippe Bernat-Salles
15%
20073Pieter de Villiers
15%
199910Christophe Lamaison
13%
20079Jean-Baptiste Elissalde
13%
20159Sébastien Tillous-Borde
13%
20033Sylvain Marconnet
13%
199512Thierry Lacroix
13%
20155Yoann Maestri
13%
200713David Marty
11%
1987, 199110, 14Didier Camberabero
11%
20151Eddy Ben Arous
11%
2003, 20075Jérôme Thion
11%
19953Christian Califano
9%
1987, 19916Éric Champ
9%
199913Richard Dourthe
9%
19872Daniel Dubroca
7%
199515Jean-Luc Sadourny
7%
1991, 19957Laurent Cabannes
7%
19954Olivier Merle
7%
198711Patrice Lagisquet
7%
19879Pierre Berbizier
7%
199915Xavier Garbajosa
7%
198712Denis Charvet
6%
19993Franck Tournaire
6%
199114Jean-Baptiste Lafond
6%
19874Jean Condom
6%
20031Jean-Jacques Crenca
6%
19952Jean-Michel Gonzalez
6%
19878Laurent Rodriguez
6%
1987, 19911, 3Pascal Ondarts
6%
200313Tony Marsh
6%
19991Cédric Soulette
4%
199510Christophe Deylaud
4%
19998Christophe Juillet
4%
19911Grégoire Lascubé
4%
19958Marc Cécillon
4%
200315Nicolas Brusque
4%
20071Olivier Milloud
4%
19875Alain Lorieux
2%
19877Dominique Erbani
2%
1987, 199110, 12Franck Mesnel
2%
19873Jean-Pierre Garuet
2%
19951Louis Armary
2%
19912Philippe Marocco
2%
19914Jean-Marie Cadieu
0%

Score Distribution

Percentile by Number Answered

Percent of People with Each Score

Your Score History

You have not taken this quiz since the last reset